Il primo zanichelli: (Record no. 1434350)

MARC details
000 -LEADER
fixed length control field 00846nam a22002657a 4500
005 - DATE AND TIME OF LATEST TRANSACTION
control field 20250729103612.0
008 - FIXED-LENGTH DATA ELEMENTS--GENERAL INFORMATION
fixed length control field 250729b |||||||| |||| 00| 0 eng d
020 ## - INTERNATIONAL STANDARD BOOK NUMBER
International Standard Book Number 88-08-09444-8 (pbk)
037 ## - SOURCE OF ACQUISITION
Terms of availability TB
040 ## - CATALOGING SOURCE
Original cataloging agency CRL
Transcribing agency CRL
041 ## - LANGUAGE CODE
Source of code eng
Language code of text/sound track or separate title eng
084 ## - COLON CLASSIFICATION NUMBER
Classification number P121:4k N6
Assigning agency CRL
100 ## - MAIN ENTRY--PERSONAL NAME
Personal name Cannella, Di Mario
9 (RLIN) 816742
245 ## - TITLE STATEMENT
Title Il primo zanichelli:
Remainder of title Vocabolario elementare di Italiano
250 ## - EDITION STATEMENT
Edition statement 2nd
260 ## - PUBLICATION, DISTRIBUTION, ETC.
Place of publication, distribution, etc. Bologna, Italy:
Name of publisher, distributor, etc. French and European,
Date of publication, distribution, etc. 1996
300 ## - PHYSICAL DESCRIPTION
Extent 1151p.
365 ## - TRADE PRICE
Price amount 500.00
Currency code INR
650 ## - SUBJECT ADDED ENTRY--TOPICAL TERM
Topical term or geographic name entry element Italian Language
9 (RLIN) 816743
650 ## - SUBJECT ADDED ENTRY--TOPICAL TERM
Topical term or geographic name entry element Dictionaries
9 (RLIN) 816744
650 ## - SUBJECT ADDED ENTRY--TOPICAL TERM
Topical term or geographic name entry element Language and Language
9 (RLIN) 816745
650 ## - SUBJECT ADDED ENTRY--TOPICAL TERM
Topical term or geographic name entry element Linguistics
9 (RLIN) 816746
942 ## - ADDED ENTRY ELEMENTS (KOHA)
Source of classification or shelving scheme Colon Classification (CC)
Koha item type Textbook
Edition 2nd
Classification part P121:4k N6
Suppress in OPAC No
Holdings
Withdrawn status Lost status Source of classification or shelving scheme Damaged status Not for loan Home library Current library Date acquired Source of acquisition Cost, normal purchase price Inventory number Total Checkouts Full call number Barcode Date last seen Price effective from Koha item type
    Colon Classification (CC)     Central Library Central Library 2025-07-29 Zanichelli 500.00 Gift   P121:4k N6 CL1699903 2025-07-29 2025-07-29 Textbook
Copyright @ Delhi University Library System